[Event "4NCL Online Division 4"]
[Site "online"]
[Date "2021.04.06"]
[EventDate "2021.04.06"]
[Round "6.152"]
[White "McLay, John W"]
[WhiteElo "1900"]
[WhiteTeam "Grangemouth Gambiteers"]
[Black "Stoker, Andrew J"]
[BlackElo "2019"]
[BlackTeam "Manchester Manticores 1"]
[Result "1/2-1/2"]
[PlyCount "128"]

1. e4 e6 2. d4 d5 3. Nc3 Bb4 4. Bd2 dxe4 5. Qg4 Nf6 6. Qxg7 Rg8 7. Qh6 Qxd4 8. Nge2 Qd8 9. O-O-O Nbd7 10. Ng3 Ng4 11. Qf4 Bd6 12. Qxe4 Nxf2 13. Qxh7 Nf6 14. Qh4 Nxd1 15. Bb5+ c6 16. Rxd1 cxb5 17. Bg5 Rxg5 18. Qxg5 Nd5 19. Qg8+ Ke7 20. Nf5+ exf5 21. Nxd5+ Kd7 22. Qxf7+ Kc6 23. Qg6 Qf8 24. Nb4+ Kc7 25. Nd5+ Kb8 26. g3 Be5 27. Ne3 Qf6 28. Qxf6 Bxf6 29. Rd6 Bg5 30. Kd2 Kc7 31. Rg6 Bxe3+ 32. Kxe3 Bd7 33. h4 Re8+ 34. Kd3 Bc6 35. h5 Be4+ 36. Kc3 f4 37. Rg7+ Kb6 38. gxf4 Rf8 39. Rg4 Rc8+ 40. Kd4 Bxc2 41. h6 Kc6 42. Ke5 Rf8 43. Rg5 b4 44. f5 Bb1 45. h7 Rh8 46. Rg6+ Kc5 47. Rg7 Bxa2 48. f6 Bb1 49. f7 Bxh7 50. Rxh7 Rf8 51. Ke6 b5 52. Ke7 Rxf7+ 53. Rxf7 a5 54. Rf3 a4 55. Ke6 b3 56. Ke5 Kc4 57. Rc3+ Kb4 58. Kd4 a3 59. bxa3+ Kxa3 60. Kc5 b4 61. Rh3 Ka2 62. Rh2+ b2 63. Kxb4 Ka1 64. Rxb2 Kxb2 1/2-1/2

[Event "4NCL Online Division 4"]
[Site "online"]
[Date "2021.04.06"]
[EventDate "2021.04.06"]
[Round "6.153"]
[White "Reed, John"]
[WhiteElo "1885"]
[WhiteTeam "Manchester Manticores 1"]
[Black "Mason, Ian C"]
[BlackElo "1872"]
[BlackTeam "Grangemouth Gambiteers"]
[Result "1/2-1/2"]
[PlyCount "114"]

1. d4 Nf6 2. Bg5 Ne4 3. Bf4 d5 4. e3 e6 5. Bd3 Nf6 6. Nf3 Nbd7 7. Nbd2 Be7 8. O-O O-O 9. Ne5 c5 10. c3 a6 11. Qf3 Re8 12. Qh3 Nf8 13. Ndf3 Ne4 14. Qh5 g6 15. Qh6 f6 16. Ng4 e5 17. Ngxe5 fxe5 18. Nxe5 Bg5 19. Bxg5 Qxg5 20. Qxg5 Nxg5 21. f4 Ne4 22. Bxe4 dxe4 23. dxc5 Be6 24. b4 Red8 25. a4 Nd7 26. Nxd7 Rxd7 27. Rfd1 Rad8 28. Rd4 Rxd4 29. cxd4 Bd5 30. Kf2 Bc4 31. Rb1 Bd3 32. Rb2 Kf7 33. g4 Ke6 34. Kg3 Kd5 35. b5 axb5 36. axb5 Ra8 37. f5 gxf5 38. gxf5 Rg8+ 39. Kf4 Rg1 40. c6 Rf1+ 41. Kg5 bxc6 42. b6 Ba6 43. b7 Bxb7 44. Rxb7 Rf3 45. Rd7+ Kc4 46. Rxh7 Rxe3 47. f6 Rf3 48. Rh4 e3 49. Re4 Kd5 50. Re7 Kxd4 51. f7 Kd3 52. Kg4 Rf1 53. Rd7+ Kc2 54. Re7 Kd2 55. Rd7+ Kc2 56. Re7 Kd2 57. Rd7+ Kc2 1/2-1/2

[Event "4NCL Online Division 4"]
[Site "online"]
[Date "2021.04.06"]
[EventDate "2021.04.06"]
[Round "6.154"]
[White "Will, Douglas"]
[WhiteElo "1845"]
[WhiteTeam "Grangemouth Gambiteers"]
[Black "Lonsdale, Jon I"]
[BlackElo "1922"]
[BlackTeam "Manchester Manticores 1"]
[Result "1-0"]
[PlyCount "65"]

1. e4 c5 2. Nc3 Nc6 3. f4 e6 4. Nf3 d5 5. Bb5 Ne7 6. O-O a6 7. Be2 dxe4 8. Nxe4 Nf5 9. d3 Be7 10. Qe1 Nfd4 11. Bd1 O-O 12. c3 Nxf3+ 13. Rxf3 b6 14. Bc2 Bh4 15. g3 Be7 16. g4 f5 17. gxf5 exf5 18. Bb3+ Kh8 19. Ng5 Bxg5 20. fxg5 Bb7 21. Rh3 Qe7 22. Qh4 g6 23. Bd2 h5 24. Re1 Qg7 25. Bd1 Kg8 26. Bb3+ Kh8 27. Rhe3 Rad8 28. Re6 Rd7 29. Bf4 Rxd3 30. Rxc6 Bxc6 31. Be5 Qxe5 32. Rxe5 Rfd8 33. Qe1 1-0

[Event "4NCL Online Division 4"]
[Site "online"]
[Date "2021.04.06"]
[EventDate "2021.04.06"]
[Round "6.161"]
[White "Harris, Michael T"]
[WhiteElo "2052"]
[WhiteTeam "Bristol Cabot Blackbeards"]
[Black "Jayawarna, Tarini"]
[BlackElo "1709"]
[BlackTeam "Manchester Juniors B"]
[Result "1-0"]
[PlyCount "91"]

1. e4 e6 2. Nc3 d5 3. b3 c5 4. Bb2 Nc6 5. Nf3 Nf6 6. e5 Nd7 7. Bb5 Qb6 8. Qe2 a6 9. Bxc6 Qxc6 10. O-O b5 11. d3 Bb7 12. Rae1 Be7 13. h4 a5 14. a4 bxa4 15. Nxa4 Nb6 16. Nxb6 Qxb6 17. Bc1 a4 18. bxa4 Rxa4 19. Bg5 h6 20. Bxe7 Kxe7 21. Rb1 Qc7 22. Rb2 Ba6 23. c3 d4 24. c4 Bb7 25. Rfb1 Bc6 26. Nd2 Rha8 27. f4 Ra2 28. Nb3 Rxb2 29. Rxb2 Qa7 30. Qf1 Qa3 31. Qb1 f6 32. exf6+ gxf6 33. Kh2 Rg8 34. Re2 Qa7 35. Qe1 Bd7 36. Nd2 Qc7 37. g3 Qc6 38. Ne4 Bc8 39. Qa5 Kf7 40. Qa7+ Kg6 41. h5+ Kf5 42. Qh7+ Kg4 43. Qxg8+ Kf3 44. Rf2+ Ke3 45. Qg4 Kxd3 46. Qe2# 1-0

[Event "4NCL Online Division 4"]
[Site "online"]
[Date "2021.04.06"]
[EventDate "2021.04.06"]
[Round "6.163"]
[White "Roberts, Mike"]
[WhiteElo "1429"]
[WhiteTeam "Bristol Cabot Blackbeards"]
[Black "Jayawarna, Thisumi"]
[BlackElo "1626"]
[BlackTeam "Manchester Juniors B"]
[Result "1/2-1/2"]
[PlyCount "123"]

1. e4 e5 2. Nf3 Nc6 3. Nc3 Bc5 4. Bc4 h6 5. O-O d6 6. h3 Be6 7. Bxe6 fxe6 8. Na4 Qf6 9. Nxc5 dxc5 10. d3 Nd4 11. Nd2 b6 12. Nc4 Ne7 13. c3 Ndc6 14. Qh5+ g6 15. Qd1 h5 16. f4 O-O 17. fxe5 Qxf1+ 18. Qxf1 Rxf1+ 19. Kxf1 Rf8+ 20. Ke2 Kg7 21. Bg5 Ng8 22. Rf1 Rxf1 23. Kxf1 b5 24. Na3 a6 25. Nc2 Nxe5 26. d4 Nc4 27. b3 Nd2+ 28. Bxd2 cxd4 29. Nxd4 Kf7 30. Bf4 c5 31. Nc6 Nf6 32. e5 Ne4 33. c4 bxc4 34. bxc4 g5 35. Be3 Kg6 36. Nd8 Kf5 37. Nc6 Ng3+ 38. Kf2 Ne4+ 39. Kf3 g4+ 40. hxg4+ hxg4+ 41. Ke2 Nc3+ 42. Kd3 Nxa2 43. Bxc5 Nc1+ 44. Kc3 Ne2+ 45. Kb4 Kf4 46. Nd8 Kf5 47. Bd6 g3 48. Ka5 Nf4 49. c5 Nxg2 50. c6 Nf4 51. c7 g2 52. c8=Q g1=Q 53. Qc2+ Kg4 54. Nxe6 Qa1+ 55. Qa4 Qe1+ 56. Qb4 Qxb4+ 57. Bxb4 Nxe6 58. Kxa6 Kf5 59. Bc3 Nc5+ 60. Kb5 Nd3 61. Kc4 Nxe5+ 62. Bxe5 1/2-1/2

[Event "4NCL Online Division 4"]
[Site "online"]
[Date "2021.04.20"]
[EventDate "2021.04.20"]
[Round "7.11"]
[White "Scales, Barry"]
[WhiteElo "1133"]
[WhiteTeam "Hatch End B"]
[Black "Robinson, Brian"]
[BlackElo "1717"]
[BlackTeam "Bishop Trojans"]
[Result "0-1"]
[PlyCount "104"]

1. e4 e6 2. d4 d5 3. e5 c5 4. Nf3 Nc6 5. c3 Qb6 6. b3 Bd7 7. Bd3 cxd4 8. O-O dxc3 9. Nxc3 Bb4 10. Na4 Qd8 11. a3 Ba5 12. b4 Bc7 13. Nc5 Rb8 14. Nxd7 Qxd7 15. Bb5 Nge7 16. Ng5 Ng6 17. f4 a6 18. Ba4 b5 19. Bc2 Bb6+ 20. Kh1 Nd4 21. Bb2 Nxc2 22. Qxc2 Rc8 23. Qd2 O-O 24. Qe1 h6 25. f5 exf5 26. e6 fxe6 27. Nxe6 Rfe8 28. Qd2 Rxe6 29. Rxf5 d4 30. Qd3 Rce8 31. h3 Re3 32. Qf1 Qe6 33. Rd1 Re1 34. Rxe1 Qxe1 35. Qxe1 Rxe1+ 36. Kh2 Bc7+ 37. g3 Re2+ 38. Kg1 Rxb2 39. Rc5 d3 40. Rxc7 d2 41. Rd7 Rb1+ 42. Kf2 d1=Q 43. Rxd1 Rxd1 44. Kf3 Rd3+ 45. Kg4 Rxa3 46. h4 Rb3 47. h5 Nf8 48. Kh4 Rxb4+ 49. g4 a5 50. Kg3 a4 51. g5 a3 52. g6 a2 0-1

[Event "4NCL Online Division 4"]
[Site "online"]
[Date "2021.04.20"]
[EventDate "2021.04.20"]
[Round "7.12"]
[White "Smith, Peter J"]
[WhiteElo "1645"]
[WhiteTeam "Bishop Trojans"]
[Black "Shah, Sailesh"]
[BlackElo "1200"]
[BlackTeam "Hatch End B"]
[Result "1-0"]
[PlyCount "105"]

1. h3 Nf6 2. a3 e5 3. d3 Bc5 4. c3 h6 5. Qc2 O-O 6. Nd2 d5 7. g4 b6 8. Ngf3 Bd6 9. Bg2 Bb7 10. g5 e4 11. gxf6 exf3 12. fxg7 Re8 13. Bxf3 Qh4 14. Nf1 Re6 15. d4 Nd7 16. Be3 Rae8 17. O-O-O Bf4 18. Kb1 Rg6 19. Bxf4 Qxf4 20. Ne3 c6 21. Rhg1 Ree6 22. Ka1 Ref6 23. Rxg6 fxg6 24. Ng4 Rf5 25. Qd2 Kxg7 26. Qe3 Qxe3 27. Nxe3 Rh5 28. Bxh5 gxh5 29. Nf5+ Kg6 30. Ne3 Ba6 31. Rg1+ Kh7 32. Nf5 Nf8 33. Rg7+ Kh8 34. e3 Ne6 35. Rxa7 Bd3 36. Nxh6 Ng5 37. Nf7+ Nxf7 38. Rxf7 Kg8 39. Rc7 Bb5 40. h4 Kf8 41. b3 Ke8 42. a4 Kd8 43. Rh7 Bd3 44. Rxh5 Kd7 45. Rg5 Ke6 46. h5 Kf6 47. Rg1 Kf7 48. h6 Kf6 49. b4 Kf7 50. a5 bxa5 51. bxa5 Kf6 52. a6 Bxa6 53. h7 1-0

[Event "4NCL Online Division 4"]
[Site "online"]
[Date "2021.04.20"]
[EventDate "2021.04.20"]
[Round "7.13"]
[White "Shah, Ashok"]
[WhiteElo "1103"]
[WhiteTeam "Hatch End B"]
[Black "Bainbridge, Bryan J"]
[BlackElo "1546"]
[BlackTeam "Bishop Trojans"]
[Result "0-1"]
[PlyCount "60"]

1. d4 b5 2. e3 Bb7 3. Bxb5 Bxg2 4. Nh3 Bxh1 5. Nc3 Bg2 6. Nf4 Bb7 7. Qg4 Nf6 8. Qg3 a6 9. Bc4 e6 10. Bd2 c5 11. O-O-O cxd4 12. exd4 Qc7 13. b3 Ne4 14. Qh4 Nxd2 15. Rxd2 Be7 16. Qg3 g6 17. d5 Bd6 18. Ne4 Bxf4 19. Nf6+ Kf8 20. Qd3 Bxd2+ 21. Qxd2 Qd8 22. Qh6+ Ke7 23. Qg5 Kd6 24. Ne4+ Kc7 25. Qe5+ d6 26. Nxd6 Qxd6 27. Qxh8 Nd7 28. Qc3 Kb8 29. b4 Qe5 30. Qd2 Qa1# 0-1

[Event "4NCL Online Division 4"]
[Site "online"]
[Date "2021.04.20"]
[EventDate "2021.04.20"]
[Round "7.14"]
[White "Berry, Robert"]
[WhiteElo "1520"]
[WhiteTeam "Bishop Trojans"]
[Black "Smyth, Peter"]
[BlackElo "970"]
[BlackTeam "Hatch End B"]
[Result "1-0"]
[PlyCount "59"]

1. e4 Nf6 2. Nc3 c6 3. d4 d5 4. e5 Bg4 5. f3 Qc8 6. exf6 exf6 7. fxg4 Bb4 8. Bd2 f5 9. gxf5 Qxf5 10. Bd3 Qe6+ 11. Qe2 O-O 12. Qxe6 fxe6 13. Nf3 Bd6 14. O-O Rf4 15. Bxf4 Bxf4 16. Ne5 Be3+ 17. Kh1 Bxd4 18. Nf3 Bc5 19. Ng5 Nd7 20. Bxh7+ Kh8 21. Bd3 d4 22. Na4 Be7 23. Nxe6 b5 24. Rf7 Re8 25. Nxg7 Ne5 26. Nxe8 Nxf7 27. Re1 Bg5 28. Nc5 Bd2 29. Rf1 Ne5 30. Rf8# 1-0

[Event "4NCL Online Division 4"]
[Site "online"]
[Date "2021.04.20"]
[EventDate "2021.04.20"]
[Round "7.21"]
[White "Ball, Matthew P"]
[WhiteElo "1794"]
[WhiteTeam "Doughnuts of Doom"]
[Black "Nunn, John D M"]
[BlackTitle "GM"]
[BlackElo "2561"]
[BlackTeam "Bude Surfers"]
[Result "0-1"]
[PlyCount "96"]

1. e4 c5 2. Nc3 Nc6 3. f4 g6 4. Nf3 Bg7 5. Bb5 Nd4 6. O-O Nxb5 7. Nxb5 d5 8. e5 d4 9. c3 a6 10. Na3 d3 11. Nc4 b5 12. Ne3 Nh6 13. b3 O-O 14. a4 Bb7 15. Bb2 Qd7 16. c4 Nf5 17. Re1 Nd4 18. Bxd4 cxd4 19. Nd5 Bxd5 20. cxd5 Qxd5 21. Qb1 Bh6 22. Qxd3 Bxf4 23. Re4 Bh6 24. Rxd4 Qc5 25. Kf1 bxa4 26. Raxa4 Bg7 27. Rd5 Qb6 28. Rda5 Rad8 29. Rxa6 Qb8 30. Qe3 Qb5+ 31. Ke1 Rd3 32. Qb6 Rxb3 33. Qxb5 Rxb5 34. d4 Bh6 35. Ra8 e6 36. Rxf8+ Kxf8 37. Kf2 Rb2+ 38. Kg3 Be3 39. Rc4 Kg7 40. Rc7 g5 41. h3 Bf4+ 42. Kg4 Rxg2+ 43. Kh5 Rg3 44. Nxg5 Rxg5+ 45. Kh4 Kg6 46. Rc3 Bd2 47. Rg3 Be1 48. d5 Bxg3# 0-1

[Event "4NCL Online Division 4"]
[Site "online"]
[Date "2021.04.20"]
[EventDate "2021.04.20"]
[Round "7.22"]
[White "Fink-Nunn, Petra"]
[WhiteTitle "WFM"]
[WhiteElo "2050"]
[WhiteTeam "Bude Surfers"]
[Black "Smith, David W"]
[BlackElo "1706"]
[BlackTeam "Doughnuts of Doom"]
[Result "1-0"]
[PlyCount "83"]

1. e4 b6 2. d4 Bb7 3. Bd3 e6 4. Nf3 c5 5. c3 Nf6 6. Nbd2 Nc6 7. O-O Qc7 8. Re1 O-O-O 9. a3 h5 10. b4 d6 11. Qe2 h4 12. h3 Nh7 13. Nb3 Be7 14. Be3 g5 15. d5 Ne5 16. Nxe5 dxe5 17. bxc5 Bxc5 18. Nxc5 bxc5 19. Ba6 Bxa6 20. Qxa6+ Qb7 21. Qxb7+ Kxb7 22. Rab1+ Ka8 23. c4 exd5 24. cxd5 f5 25. f3 g4 26. hxg4 fxg4 27. Bxc5 gxf3 28. gxf3 Rhg8+ 29. Kf2 Ng5 30. Rh1 Rc8 31. Rbc1 h3 32. Be3 Rxc1 33. Bxc1 Kb7 34. Bxg5 Rxg5 35. Rxh3 Kb6 36. Ke3 Kc5 37. f4 exf4+ 38. Kxf4 Rg1 39. Ke5 Rd1 40. Rc3+ Kb6 41. d6 a5 42. Ke6 1-0

[Event "4NCL Online Division 4"]
[Site "online"]
[Date "2021.04.20"]
[EventDate "2021.04.20"]
[Round "7.23"]
[White "Ball, Katie C"]
[WhiteElo "1525"]
[WhiteTeam "Doughnuts of Doom"]
[Black "Constable, Christine F"]
[BlackElo "1455"]
[BlackTeam "Bude Surfers"]
[Result "1-0"]
[PlyCount "45"]

1. d4 Nf6 2. Nc3 g6 3. Bf4 Bg7 4. e4 d6 5. Qd2 c5 6. O-O-O Na6 7. Bxa6 bxa6 8. dxc5 Rb8 9. cxd6 Nxe4 10. Qe3 Qb6 11. Qxb6 Rxb6 12. Nxe4 Bxb2+ 13. Kd2 Rb4 14. Ke3 O-O 15. dxe7 Re8 16. Rd8 Bc1+ 17. Kf3 Bxf4 18. Rxe8+ Kg7 19. Rxc8 f5 20. e8=Q fxe4+ 21. Kxf4 e3+ 22. Kxe3 Rb5 23. Qf8# 1-0

[Event "4NCL Online Division 4"]
[Site "online"]
[Date "2021.04.20"]
[EventDate "2021.04.20"]
[Round "7.24"]
[White "Richards, Maurice A"]
[WhiteElo "1454"]
[WhiteTeam "Bude Surfers"]
[Black "Ball, Charlie"]
[BlackElo "1467"]
[BlackTeam "Doughnuts of Doom"]
[Result "1-0"]
[PlyCount "78"]

1. d4 Nf6 2. Nf3 d5 3. g3 Bf5 4. Bg2 e6 5. O-O c6 6. c4 Nbd7 7. cxd5 exd5 8. Nc3 Be7 9. Qb3 Qb6 10. Qxb6 axb6 11. a3 O-O 12. Bf4 Rfe8 13. h3 h6 14. Ne5 Nxe5 15. Bxe5 Nd7 16. Bf4 Bf6 17. g4 Bh7 18. e3 Bg5 19. Bg3 Nf6 20. h4 Bxe3 21. fxe3 Rxe3 22. Bf4 Re6 23. Bh3 Rae8 24. g5 hxg5 25. Bxe6 Rxe6 26. Bxg5 Ne4 27. Nxe4 dxe4 28. Rae1 Rd6 29. Be3 Rg6+ 30. Kh2 Rd6 31. Rg1 Kh8 32. Rg3 Bf5 33. Reg1 g6 34. h5 Kg7 35. hxg6 fxg6 36. Bf4 Rxd4 37. Be5+ Kf7 38. Bxd4 e3 39. Bxe3 Ke6 1-0

[Event "4NCL Online Division 4"]
[Site "online"]
[Date "2021.04.20"]
[EventDate "2021.04.20"]
[Round "7.31"]
[White "Kirkham, Mark"]
[WhiteElo "1823"]
[WhiteTeam "Sheffield Deaf"]
[Black "Dean, Robert A"]
[BlackElo "1807"]
[BlackTeam "Bradford DCA Knights B"]
[Result "0-1"]
[PlyCount "84"]

1. d4 d5 2. c4 c6 3. Nc3 Nf6 4. Nf3 e6 5. Bg5 dxc4 6. e4 b5 7. a4 Bb4 8. Be2 Bb7 9. O-O a6 10. e5 h6 11. Bh4 g5 12. Bg3 Bxc3 13. bxc3 Nd5 14. Qc2 Nd7 15. Nd2 N5b6 16. Ne4 Nc8 17. axb5 cxb5 18. Bf3 Qb6 19. Qa2 g4 20. Nf6+ Nxf6 21. Bxb7 Qxb7 22. exf6 Nb6 23. Qe2 h5 24. Qe5 h4 25. Bf4 h3 26. gxh3 gxh3 27. f3 Nd5 28. Rac1 Nxf4 29. Qxf4 O-O-O 30. Kh1 Rdg8 31. Qe4 Rg2 32. Qxb7+ Kxb7 33. f4 Rg6 34. f5 Rxf6 35. fxe6 Rxf1+ 36. Rxf1 fxe6 37. Re1 Rh6 38. Kg1 Kb6 39. Kf2 a5 40. Ke3 b4 41. Kd2 b3 42. Kc1 Rg6 0-1

[Event "4NCL Online Division 4"]
[Site "online"]
[Date "2021.04.20"]
[EventDate "2021.04.20"]
[Round "7.32"]
[White "Johnson, Paul A"]
[WhiteElo "1797"]
[WhiteTeam "Bradford DCA Knights B"]
[Black "Freund, Michael P"]
[BlackElo "1670"]
[BlackTeam "Sheffield Deaf"]
[Result "0-1"]
[PlyCount "104"]

1. d4 e6 2. Nf3 d5 3. e3 Bd6 4. b3 Nf6 5. Bd3 O-O 6. O-O Nbd7 7. Bb2 c6 8. Nbd2 Qc7 9. c4 Re8 10. Rc1 e5 11. dxe5 Nxe5 12. Nxe5 Bxe5 13. Bxe5 Qxe5 14. Nf3 Qe7 15. h3 Be6 16. c5 h6 17. Nd4 Bd7 18. Nf5 Bxf5 19. Bxf5 Qe5 20. Qc2 Rad8 21. Rfd1 d4 22. exd4 Rxd4 23. Rxd4 Qxd4 24. Rd1 Qe5 25. Bd3 Nd5 26. Bc4 Rd8 27. g3 Rd7 28. a3 Nf6 29. Rxd7 Nxd7 30. Qg6 Qe7 31. b4 Qe1+ 32. Kg2 Ne5 33. Qc2 Nxc4 34. Qxc4 Qe5 35. a4 g6 36. b5 Kg7 37. h4 g5 38. hxg5 hxg5 39. g4 Kg6 40. Qd3+ Kg7 41. Qe3 Qxe3 42. fxe3 Kf6 43. Kf3 Ke5 44. bxc6 bxc6 45. Ke2 Kd5 46. Kd3 Kxc5 47. Kc3 a5 48. Kb3 Kd5 49. Kc3 c5 50. Kd3 c4+ 51. Kc3 Kc5 52. e4 f6 0-1

[Event "4NCL Online Division 4"]
[Site "online"]
[Date "2021.04.20"]
[EventDate "2021.04.20"]
[Round "7.33"]
[White "Gibson, Stephen"]
[WhiteElo "1505"]
[WhiteTeam "Sheffield Deaf"]
[Black "Adam, David W"]
[BlackElo "1725"]
[BlackTeam "Bradford DCA Knights B"]
[Result "1-0"]
[PlyCount "41"]

1. e4 c5 2. Nf3 d6 3. d4 cxd4 4. Nxd4 Nf6 5. Nc3 g6 6. Bc4 Bg7 7. O-O O-O 8. f4 Nc6 9. Nxc6 bxc6 10. Bb3 Qb6+ 11. Kh1 Ng4 12. Qf3 Ba6 13. Ne2 Nf6 14. c3 Rad8 15. Be3 Qb7 16. Rfe1 d5 17. exd5 cxd5 18. Rad1 Bc4 19. Bxc4 Qxb2 20. Bb3 e6 21. Bc1 1-0

[Event "4NCL Online Division 4"]
[Site "online"]
[Date "2021.04.20"]
[EventDate "2021.04.20"]
[Round "7.34"]
[White "Clarke, Paul R H"]
[WhiteElo "1729"]
[WhiteTeam "Bradford DCA Knights B"]
[Black "Litherland, Reuben"]
[BlackElo "1320"]
[BlackTeam "Sheffield Deaf"]
[Result "0-1"]
[PlyCount "94"]

1. d4 Nf6 2. Bf4 e6 3. e3 Be7 4. Nf3 Nc6 5. Be2 O-O 6. O-O b6 7. h3 d5 8. Nbd2 Bb7 9. c4 h6 10. Rc1 Rc8 11. a3 a5 12. cxd5 Nxd5 13. Bh2 Bd6 14. Bb5 Bxh2+ 15. Kxh2 Qd6+ 16. Kg1 Nf6 17. Nc4 Qd5 18. Bxc6 Bxc6 19. Nce5 Bb5 20. Re1 Rfd8 21. Qc2 c5 22. Red1 c4 23. Nd2 Nd7 24. Nxd7 Qxd7 25. Nb1 Ba4 26. Qc3 Bxd1 27. Rxd1 Qa4 28. Rc1 e5 29. Kh2 exd4 30. exd4 Kh7 31. Nd2 b5 32. Nf3 b4 33. Qe3 bxa3 34. bxa3 Qc6 35. Ne5 Qd6 36. g3 Qxd4 37. Qe1 Kg8 38. Ng4 c3 39. Kg2 Qd2 40. Qf1 c2 41. Ne3 Rd3 42. Kg1 Rxe3 43. fxe3 Qxe3+ 44. Kh2 Qxa3 45. Qe1 Qd3 46. Kh1 Rd8 47. Qe7 Qf3+ 0-1

[Event "4NCL Online Division 4"]
[Site "online"]
[Date "2021.04.20"]
[EventDate "2021.04.20"]
[Round "7.41"]
[White "Mackle, Dominic"]
[WhiteElo "2152"]
[WhiteTeam "Hackney Thirsty"]
[Black "Ethelontis, Alexandros N"]
[BlackElo "2155"]
[BlackTeam "Barnet Knights A"]
[Result "1-0"]
[PlyCount "113"]

1. d4 e6 2. c4 f5 3. Nf3 Nf6 4. g3 Be7 5. Bg2 O-O 6. O-O d6 7. Nc3 Ne4 8. Bd2 Nc6 9. d5 Nxd2 10. Nxd2 Ne5 11. e3 c6 12. Qc2 Qe8 13. h3 Bd7 14. f4 Ng6 15. dxe6 Bxe6 16. Ne2 Rd8 17. Nd4 Bc8 18. Rae1 Kh8 19. N2f3 Qd7 20. h4 Bf6 21. Bh3 Ne7 22. e4 g6 23. exf5 Nxf5 24. Bxf5 gxf5 25. Ne6 Rg8 26. Nxd8 Qxd8 27. Kh2 Qf8 28. Qd2 Qg7 29. Rg1 Rd8 30. Re2 Qg4 31. Ng5 Qh5 32. Qe3 h6 33. Qf3 Qg6 34. Ne6 Rg8 35. h5 Qf7 36. Rge1 Rg4 37. Kg2 Bh4 38. Ng5 hxg5 39. Qxg4 fxg4 40. Re8+ Kg7 41. R8e7 gxf4 42. Rxf7+ Kxf7 43. gxh4 Be6 44. b3 d5 45. h6 dxc4 46. Rxe6 c3 47. h7 Kg7 48. Re7+ Kh8 49. Re4 f3+ 50. Kg3 b5 51. b4 Kxh7 52. Re6 a5 53. bxa5 c5 54. a6 f2 55. Kxf2 b4 56. a7 c4 57. a8=Q 1-0

[Event "4NCL Online Division 4"]
[Site "online"]
[Date "2021.04.20"]
[EventDate "2021.04.20"]
[Round "7.42"]
[White "Rasalingam, Haran"]
[WhiteElo "2087"]
[WhiteTeam "Barnet Knights A"]
[Black "Domanski, Lukasz"]
[BlackElo "2002"]
[BlackTeam "Hackney Thirsty"]
[Result "1-0"]
[PlyCount "125"]

1. e4 Nf6 2. e5 Nd5 3. c4 Nb6 4. d4 d6 5. exd6 exd6 6. Nc3 Nc6 7. Be3 Be7 8. Bd3 O-O 9. Nge2 Nb4 10. O-O Nxd3 11. Qxd3 d5 12. c5 Nc4 13. Bc1 b6 14. b3 Na5 15. Na4 Bd7 16. Nec3 c6 17. b4 Nc4 18. b5 cxb5 19. Nxd5 Be6 20. Nxe7+ Qxe7 21. Nc3 Rfd8 22. cxb6 axb6 23. Nxb5 Qd7 24. a4 Na5 25. Rd1 Bb3 26. Re1 Bc4 27. Qg3 Bxb5 28. Bh6 f6 29. axb5 Kf8 30. Rac1 Rac8 31. Rxc8 Rxc8 32. Be3 Nc4 33. Qh4 Qf5 34. h3 Kg8 35. Rc1 Qxb5 36. Qe4 Qd7 37. Bf4 b5 38. d5 Re8 39. Qd4 Rd8 40. d6 Ne5 41. Qd5+ Kh8 42. Rc7 Qe8 43. Bxe5 fxe5 44. d7 Qf8 45. Qxb5 Kg8 46. Qd5+ Qf7 47. Qxe5 h6 48. Qd6 Qf8 49. Qd4 Qe7 50. Rc8 Kf7 51. Rxd8 Qxd8 52. Qd5+ Ke7 53. Qe5+ Kf7 54. Qd6 Kg8 55. Qe6+ Kf8 56. g3 Qb8 57. Kh2 Qd8 58. Kg2 Qa8+ 59. f3 Qb8 60. g4 Qb2+ 61. Kg3 Qb8+ 62. f4 g5 63. Qxh6+ 1-0

[Event "4NCL Online Division 4"]
[Site "online"]
[Date "2021.04.20"]
[EventDate "2021.04.20"]
[Round "7.43"]
[White "Tennyson, John"]
[WhiteElo "1982"]
[WhiteTeam "Hackney Thirsty"]
[Black "Kesterson, Kennan"]
[BlackElo "2006"]
[BlackTeam "Barnet Knights A"]
[Result "0-1"]
[PlyCount "88"]

1. c4 Nf6 2. Nc3 g6 3. g3 Bg7 4. Bg2 O-O 5. e3 d6 6. Nge2 Nc6 7. O-O e5 8. d4 Nd7 9. b3 f5 10. Nd5 Nf6 11. Bb2 Bd7 12. Rc1 Rb8 13. Nxf6+ Bxf6 14. d5 Ne7 15. f4 e4 16. Bxf6 Rxf6 17. Qd4 Nc8 18. Rfd1 c5 19. dxc6 bxc6 20. Bf1 Nb6 21. c5 Nd5 22. cxd6 Qb6 23. Kf2 Rxd6 24. Qxb6 axb6 25. Nc3 Be6 26. Bc4 Rbd8 27. a4 Kf7 28. Ne2 c5 29. Ra1 Ke7 30. a5 Nxe3 31. Rxd6 Ng4+ 32. Ke1 Rxd6 33. a6 Rd8 34. a7 Ra8 35. Nc3 Ne3 36. Ra6 Bxc4 37. bxc4 Nxc4 38. Nd5+ Kd6 39. Nxb6 Nxb6 40. Rxb6+ Kc7 41. Ra6 Kb7 42. Ra2 Rxa7 43. Rc2 Kc6 44. Kd2 Ra3 0-1

[Event "4NCL Online Division 4"]
[Site "online"]
[Date "2021.04.20"]
[EventDate "2021.04.20"]
[Round "7.44"]
[White "Covey, Jason"]
[WhiteElo "1981"]
[WhiteTeam "Barnet Knights A"]
[Black "Ciesielski, Marceli"]
[BlackElo "1769"]
[BlackTeam "Hackney Thirsty"]
[Result "0-1"]
[PlyCount "100"]

1. d4 Nf6 2. Nc3 d5 3. Bg5 Nbd7 4. e3 e6 5. Nf3 h6 6. Bh4 Be7 7. Bg3 a6 8. Bd3 O-O 9. O-O b5 10. Re1 c5 11. Nb1 Bb7 12. c3 c4 13. Bc2 a5 14. Nbd2 Qb6 15. b3 cxb3 16. Nxb3 Rfc8 17. Qd3 Ne4 18. Rec1 Rxc3 19. Qe2 Ba3 20. Rd1 Nxg3 21. hxg3 Rac8 22. Bd3 b4 23. g4 a4 24. Nbd2 Rxd3 25. Qxd3 Ba6 26. Qb1 Rc3 27. Nf1 Qc7 28. Ng3 Nf6 29. g5 hxg5 30. Nxg5 Rc2 31. Nf3 Ng4 32. Rf1 Bxf1 33. Qxf1 Rxf2 34. Qxf2 Nxf2 35. Kxf2 Qc2+ 36. Ne2 Qb2 37. Rc1 Qxa2 38. Rc8+ Kh7 39. Rc7 f6 40. Rc6 b3 41. Rxe6 b2 42. Nc3 b1=Q+ 43. Nxa2 Qxa2+ 44. Kg3 Bc1 45. e4 dxe4 46. Rxe4 Qd5 47. Re1 Bb2 48. Rh1+ Kg8 49. Re1 a3 50. Re8+ Kf7 0-1

[Event "4NCL Online Division 4"]
[Site "online"]
[Date "2021.04.20"]
[EventDate "2021.04.20"]
[Round "7.51"]
[White "Lovatt, Peter G"]
[WhiteElo "1776"]
[WhiteTeam "Cheshire Cats"]
[Black "O'Byrne, Daniel"]
[BlackElo "1844"]
[BlackTeam "War & Piece 1"]
[Result "0-1"]
[PlyCount "38"]

1. d4 d5 2. Nf3 Bf5 3. Bf4 e6 4. e3 Bd6 5. Bg3 Nf6 6. Nbd2 O-O 7. Be2 c5 8. dxc5 Bxc5 9. O-O Nc6 10. Nh4 Be4 11. Nxe4 dxe4 12. f4 Qb6 13. Bf2 Bxe3 14. Bxe3 Qxe3+ 15. Kh1 Nd4 16. Re1 Rad8 17. Bf1 Qf2 18. g3 Nf3 19. Qe2 Qg1# 0-1

[Event "4NCL Online Division 4"]
[Site "online"]
[Date "2021.04.20"]
[EventDate "2021.04.20"]
[Round "7.52"]
[White "Kelly, Richard"]
[WhiteElo "1795"]
[WhiteTeam "War & Piece 1"]
[Black "Penny, Liam"]
[BlackElo "1743"]
[BlackTeam "Cheshire Cats"]
[Result "1/2-1/2"]
[PlyCount "91"]

1. d4 d5 2. c4 e6 3. Nc3 Be7 4. Nf3 Nf6 5. Bf4 c6 6. e3 O-O 7. Qc2 Nbd7 8. Rc1 h6 9. cxd5 Nxd5 10. Nxd5 exd5 11. Bd3 Nf6 12. O-O Re8 13. Ne5 Ng4 14. Bh7+ Kf8 15. Bf5 Nxe5 16. Bxe5 Bxf5 17. Qxf5 Kg8 18. a3 Bd6 19. Bxd6 Qxd6 20. Rc2 Re4 21. Rfc1 Rh4 22. f4 g6 23. Qe5 Qd7 24. Qf6 Rh5 25. Rf1 Re8 26. f5 Rxf5 27. Rxf5 Qxf5 28. Qxf5 gxf5 29. Kf2 Kg7 30. Rc3 Kf6 31. Kf3 Ke6 32. Kf4 f6 33. Rb3 Re7 34. Rc3 Rg7 35. Rc2 Rg4+ 36. Kf3 h5 37. b4 h4 38. b5 Kd6 39. bxc6 bxc6 40. Rc5 Rg7 41. g3 hxg3 42. hxg3 Kc7 43. Kf4 Rg5 44. Rc2 Kd6 45. Rc5 Kc7 46. Rc1 1/2-1/2

[Event "4NCL Online Division 4"]
[Site "online"]
[Date "2021.04.20"]
[EventDate "2021.04.20"]
[Round "7.53"]
[White "Bailey, Adrian"]
[WhiteElo "1709"]
[WhiteTeam "Cheshire Cats"]
[Black "Fielding, Michael"]
[BlackElo "1792"]
[BlackTeam "War & Piece 1"]
[Result "1-0"]
[PlyCount "43"]

1. Nf3 d5 2. d4 Nf6 3. c4 e6 4. Nc3 c6 5. Bg5 h6 6. Bh4 dxc4 7. e4 g5 8. Bg3 b5 9. Be5 Nbd7 10. Be2 Bb4 11. O-O Nxe5 12. Nxe5 Bxc3 13. bxc3 Bb7 14. Qc2 Qc7 15. f4 Nd7 16. Bh5 Nxe5 17. fxe5 Rf8 18. Rf6 O-O-O 19. Raf1 Rd7 20. Rxh6 Rg8 21. Rhf6 c5 22. Bxf7 1-0